000 00590nam a2200181Ia 4500
005 20250508152522.0
008 008 250505s9999 xx 000 0 eng d
037 _aTextual
040 _aFEDL
_beng
_cFEDL
041 _aeng
_2eng
084 _a070, ASH
_qFEDL
100 _aAshby Lyle W Ed.
_9761684
245 0 _aAmerica's educational press: Fiftieth anniversary yearbook educational press association of America
260 _aWashington, USA
_bEducational Press Association of America
_c1946
300 _a192p
942 _cTEXL
_h070, ASH
999 _c1336952
_d1336952